000 00314nam a22001337a 4500
008 170623b xxu||||| |||| 00| 0 eng d
020 _a0962960802
041 _aeng
080 _a32
100 _a21
101 _aSHP
245 _aISLAMIC FUNDAMENTALISM AND THE GULF CRISIS
_cPISCATORI.J
942 _2udc
_cBK
999 _c18861
_d18861